Цены. Ценообразование. Ценовая политика: учебник

Xehetasun bibliografikoak
Egile nagusia: Уткин Э. А. Эдуард Андреевич
Hizkuntza:errusiera
Argitaratua: Москва, ЭКМОС, 1999
Gaiak:
Formatua: Liburua
KOHA link:https://koha.lib.tpu.ru/cgi-bin/koha/opac-detail.pl?biblionumber=11870

MARC

LEADER 00000nam0a2200000 4500
001 11870
005 20231030183949.0
010 |a 5881240375 
035 |a (RuTPU)RU\TPU\book\11944 
035 |a BOOK00012010 
090 |a 11870 
100 |a 20011209d1999 m y0rusy50 ca 
101 0 |a rus 
102 |a RU 
105 |a y j 000zy 
200 1 |a Цены. Ценообразование. Ценовая политика  |e учебник  |f Э. А. Уткин 
210 |a Москва  |c ЭКМОС  |d 1999 
215 |a 224 с. 
610 1 |a экономика 
610 1 |a рыночная экономика 
610 1 |a цены 
610 1 |a ценообразование 
610 1 |a ценовая политика 
610 1 |a учебные пособия 
686 |a У9(2)0-861я73  |v LBC/SL-A  |2 rubbk 
700 1 |a Уткин  |b Э. А.  |g Эдуард Андреевич 
801 0 |a RU  |b 63413507  |c 20011209  |g PSBO 
801 2 |a RU  |b 63413507  |c 20180531  |g PSBO 
942 |c BK